Impacto de las Normas Internacionales de Informacin̤ Financiera (niif) en la valoracin̤ de empresas en Colombia

Bibliographic Details
Main Author: Gonzl̀ez Ferrero, Maximiliano
Other Authors: Gonzl̀ez Muǫz, Rosa Isabel, Ordę̤z Castro, Javier
Format: eBook
Language:Spanish
Published: Bogot:̀ Universidad de Los Andes (Colombia), 2021
Subjects:
Online Access:Acceso restringido

MARC

LEADER 00000nam a22000007a 4500
005 20211006114746.0
007 cr|||| ||||
008 211006s2021 co |||||s|||| 00||0 spa d
020 |a 978-958-798-048-6 
035 |a 35212 
040 |a vLex 
090 |c 12503  |d 12503 
100 1 |a Gonzl̀ez Ferrero, Maximiliano 
245 1 0 |a Impacto de las Normas Internacionales de Informacin̤ Financiera (niif) en la valoracin̤ de empresas en Colombia  |h [Recurso electrn̤ico] /  |c Maximiliano Gonzl̀ez Ferrero, Rosa Isabel Gonzl̀ez Muǫz, Javier Ordę̤z Castro 
256 |a Servicio en ln̕ea 
260 |a Bogot:̀  |b Universidad de Los Andes (Colombia),  |c 2021 
300 |a 1 recurso electrn̤ico 
506 1 |a Disponible solo en los productos indicados  |d vLex Global  |d vLex Global (Academic Edition, excluding Law Schools)  |d vLex Global (U.S. Academic Edition, Law Schools)  |d vLex Global (U.S. Academic Edition, excluding Law Schools)  |d vLex Global (Academic Edition, Law Schools) 
650 0 4 |a Economa̕ y negocios  |z Colombia 
700 1 |a Gonzl̀ez Muǫz, Rosa Isabel 
700 1 |a Ordę̤z Castro, Javier 
740 0 |a vLex Libros (Servicio en ln̕ea) 
856 4 0 |u https://app.vlex.com/#/sources/35212  |z Acceso restringido 
942 |c BOOK 
999 0 |b Economy and business